|
|
|
|
| LEADER |
00000nac a2200000 a 4500 |
| 003 |
Ucuenca |
| 005 |
20230929062636.0 |
| 008 |
000000|1983 ec |||||r|||||||||||spa|| |
| 040 |
|
|
|b spa
|
| 041 |
0 |
|
|a es
|
| 082 |
0 |
|
|a 986.63
|
| 100 |
1 |
|
|9 8577
|a Lecuna, Vicente
|
| 245 |
|
3 |
|a La entrevisa de Guayaquil. Restablecimiento de la verdad histórica
|c Vicente Lecuna
|h imp
|
| 264 |
|
|
|a Guayaquil
|b Ministerio de Educación
|c 1983
|
| 300 |
|
|
|a 294 páginas:
|c 21 cm
|
| 490 |
|
|
|a Universidad de Guayaquil
|n no. 4
|
| 650 |
|
0 |
|a Cantón Guayaquil
|9 4249
|
| 650 |
|
0 |
|a Historia guayaquileña
|9 230651
|
| 650 |
|
0 |
|a Historia ecuatoriana
|9 243
|
| 650 |
|
0 |
|a Simon bolivar
|9 5434
|
| 650 |
|
0 |
|a San martin jose de
|9 8565
|
| 852 |
|
|
|a UC-CDJBV
|
| 942 |
|
|
|c CR
|2 ddc
|z bladimir.cabrerar@ucuenca.edu.ec
|
| 999 |
|
|
|c 155934
|d 155934
|